|
|
|
|
| LEADER |
01559nam a2200217 a 4500 |
| 001 |
GR-MES1500 |
| 008 |
991111s1994 gr 000 0 gre d |
| 040 |
|
|
|a GrPaTEI
|b gre
|c GR-PaULI
|
| 245 |
0 |
0 |
|a Συμπεριφορά καταναλωτή & στρατηγική μάρκετινγκ
|n 2ος.
|
| 260 |
|
|
|a Αθήνα :
|b Σταμούλης,
|c 1994
|
| 300 |
|
|
|a 211σελ. :
|b πιν.
|
| 650 |
|
4 |
|a Μάρκετινγκ
|
| 700 |
1 |
|
|a Σιώμκος, Γεώργιος Ι.
|
| 942 |
|
|
|2 ddc
|
| 971 |
|
|
|a .b25725439
|b 16-04-20
|c 13-09-16
|
| 999 |
|
|
|c 152743
|d 152743
|
| 952 |
|
|
|0 0
|1 0
|2 ddc
|4 0
|6 658_834000000000000_2_ΣΙΩ
|7 0
|9 265720
|a MSLG
|b MSLG
|c BSC
|d 2021-01-17
|e 24
|f 0
|g 0.00
|l 0
|o 658.834 2 ΣΙΩ
|p 2420000004950
|r 2021-01-17
|t 1
|w 2021-01-17
|y BK15
|x 19991111 0 1
|x GrPaTEI
|
| 952 |
|
|
|0 0
|1 0
|2 ddc
|4 0
|6 658_834000000000000_2_ΣΙΩ
|7 0
|9 265721
|a MSLG
|b MSLG
|c BSC
|d 2021-01-17
|e 24
|f 0
|g 0.00
|l 0
|o 658.834 2 ΣΙΩ
|p 2420000005710
|r 2021-01-17
|t 1
|w 2021-01-17
|y BK15
|x 19991111 0 1
|x GrPaTEI
|
| 952 |
|
|
|0 0
|1 0
|2 ddc
|4 0
|6 658_834000000000000_2_ΣΙΩ
|7 0
|9 265722
|a MSLG
|b MSLG
|c BSC
|d 2021-01-17
|e 24
|f 0
|g 0.00
|l 0
|o 658.834 2 ΣΙΩ
|p 2420000005711
|r 2021-01-17
|t 1
|w 2021-01-17
|y BK15
|x 19991111 0 1
|x GrPaTEI
|
| 952 |
|
|
|0 0
|1 0
|2 ddc
|4 0
|6 658_834000000000000_2_ΣΙΩ
|7 0
|9 265723
|a MSLG
|b MSLG
|c BSC
|d 2021-01-17
|e 24
|f 0
|g 0.00
|l 0
|o 658.834 2 ΣΙΩ
|p 2420000006525
|r 2021-01-17
|t 1
|w 2021-01-17
|y BK15
|x 19991111 0 1
|x GrPaTEI
|
| 952 |
|
|
|0 0
|1 0
|2 ddc
|4 0
|6 658_834000000000000_2_ΣΙΩ
|7 0
|9 265724
|a MSLG
|b MSLG
|c BSC
|d 2021-01-17
|e 24
|f 0
|g 0.00
|l 0
|o 658.834 2 ΣΙΩ
|p 2420000017581
|r 2021-01-17
|t 1
|w 2021-01-17
|y BK15
|x 20000526 0 1
|x GrPaTEI
|